Assessing calculus reform efforts: a report to the community
Saved in:
| Main Authors: | , |
|---|---|
| Format: | Bog |
| Sprog: | engelsk |
| Udgivet: |
Washington, D.C
The Mathematical Association of America
1995
|
| Serier: | Mathematical Association of America. Notes and Report Series
|
| Fag: | |
| Tags: |
Tilføj Tag
Ingen Tags, Vær først til at tagge denne postø!
|
MARC
| LEADER | 00000nam a2200000 a 4500 | ||
|---|---|---|---|
| 001 | UCZ6980 | ||
| 003 | CL-VaPUC | ||
| 008 | 951222e19950000US |||||||||||||||||eng|d | ||
| 082 | 0 | 4 | |a 515 |b TUC |2 21 |
| 100 | 0 | |a Tucker, Alan C |e author |9 351636 | |
| 700 | |a Leitzel, James R. C |e author |9 351637 | ||
| 245 | 1 | 0 | |a Assessing calculus reform efforts: a report to the community |
| 300 | |a 97 p | ||
| 942 | |c BK | ||
| 945 | |d 19951222 00:00:00 |a rleighto | ||
| 260 | |a Washington, D.C |b The Mathematical Association of America |c 1995 | ||
| 650 | 0 | |a Cálculo |9 260234 | |
| 650 | 0 | |a Matemática |9 260235 | |
| 583 | |a last modification |c 19951222 00:00:00 |k Rodrigo Vera | ||
| 490 | 0 | |a Mathematical Association of America. Notes and Report Series | |
| 999 | |c 243115 |d 243113 | ||
| 952 | |0 0 |1 0 |4 0 |6 515_000000000000000_TUC_1995 |7 0 |8 A |9 256549 |a BIBMAT |b BIBMAT |d 2019-11-19 |i 3159175 |o 515 TUC 1995 |p 3159175 |r 2025-01-07 |w 2019-11-19 |y BK |k MAT | ||